|
|
|
|
| LEADER |
00000nab a2200000 a 4500 |
| 001 |
vtls008416411 |
| 003 |
SK-MaSNL |
| 005 |
20260304211658.0 |
| 008 |
250505c2005 xo 0 slo |
| 015 |
|
|
|a SNBCL2005/5
|
| 035 |
|
|
|a SLK034671
|
| 035 |
|
|
|a urn:nbn:sk:snk-ab338f
|
| 035 |
|
|
|a (urnnbn)urn:nbn:sk:snk:ar-a05rvf
|
| 035 |
|
|
|a (uuid)2e8c8a0d-47b4-4730-850e-e1f53c3c53e9
|
| 040 |
|
|
|a SNKBUCL
|b slo
|c SNKBUCL
|e AACR2
|
| 041 |
0 |
|
|a slo
|
| 044 |
|
|
|a xo
|c SK
|
| 080 |
|
|
|a 616.12-07-08:061.3
|2 1981
|
| 100 |
1 |
|
|a Goncalvesová, Eva,
|d 1962-
|4 aut
|9 11894
|
| 245 |
1 |
0 |
|a Výročné vedecké zasadanie American College of Cardiology 2005
|b 6.-9. marec 2005, Orlando, USA
|c Eva Goncalvesová, Juraj Fabián
|
| 611 |
1 |
7 |
|a American College of Cardiology
|e zasadanie
|c Orlando, USA
|d 2005
|2 SNKBUCL
|9 1543477
|
| 650 |
0 |
7 |
|a kongresy
|2 MESH
|9 19200
|
| 650 |
0 |
7 |
|a kardiomyopatia dilatačná
|2 MESH
|9 959463
|
| 650 |
0 |
7 |
|a infarkt myokardu
|2 MESH
|9 2496
|
| 650 |
0 |
7 |
|a komorová tachykardia
|2 MESH
|9 151866
|
| 650 |
0 |
7 |
|a transplantácia srdca
|2 MESH
|9 20234
|
| 650 |
0 |
7 |
|a faktory rizikové
|2 MESH
|9 838956
|
| 650 |
0 |
7 |
|a prognózy
|2 MESH
|9 3871
|
| 700 |
1 |
|
|a Fabián, Juraj,
|d 1935-2010
|4 aut
|9 6939
|
| 773 |
0 |
|
|t Kardiológia
|g Vol. 14, no. 4 (2005), s. K/C 113, 115
|x 1210-0048
|
| 850 |
|
|
|a Slovenská národná knižnica
|
| 852 |
|
|
|a Slovenská národná knižnica
|
| 958 |
|
|
|a article27
|
| 958 |
|
|
|a OND
|
| 999 |
|
|
|c 3129209
|d 3131139
|